000 00322nam a22001337a 4500
008 240409b |||||||| |||| 00| 0 eng d
020 _a9781444951387
082 _a813.54
100 _aOseman, Alice.
245 _aHearts Topper:
_bBoy Meets Boy
300 _a263 p.;
_bill,
_c23.4 Cm.
942 _2ddc
999 _c9871
_d9872